000 00422nam a2200121Ia 4500
005 20251222152712.0
008 251222s9999||||xx |||||||||||||| ||spa||
082 _a370/V66
100 _aVillapolo Herrera, Leslie
245 0 _aPrograma Escolar de Formación de Niños y Niñas en Valores Culturales Derechos Indígenas desde una Perspectiva de equidad de Género un Enfoque Intercultural
264 _bCAAAP
942 _cLIB
999 _c29267
_d29267